000 00633nam a2200217Ia 4500
001 14751
003 GE_BSU
008 181216s||||||||xx |||||||||||||| ||und||
040 _cGE_BSU
080 _a66.01(075.32)
100 _aСороко,В.Е. Вечная,С.В. Попова,Н.Н.
245 _aОсновы химической технологий.
245 _bУчебник.
245 _cРед. Л.Ф.Травина.
260 _aЛ.
260 _bХимия.
260 _c1986.
300 _a296 стр. с илл. 22 см.
653 _aОсновы химической технологий.
942 _cBK
999 _c47875
_d47875